Top 10 państw geotermalnych - Statystyki

Ogólne statystyki
  • Ten quiz został rozwiązany 4 140 razy
  • Średni wynik to 6 z 10
Statystyki odpowiedzi
Megawaty Kraje % Poprawnych
3676 Stany Zjednoczone
93%
755 Islandia
87%
601 Japonia
79%
963 Meksyk
63%
2133 Indonezja
57%
944 Włochy
53%
1918 Filipiny
43%
1005 Nowa Zelandia
41%
1526 Turcja
35%
861 Kenia
9%
Nie znaleziono quizów pasujących do podanych kryteriów
Rozkład punktacji
Procent ludzi z każdym wynikiem
Percentyl według liczby udzielonych odpowiedzi
Twoja historia wyników
Nie rozwiązałeś tego quizu